| 000 | 00900nam a22002297a 4500 | ||
|---|---|---|---|
| 999 |
_c64384 _d64384 |
||
| 005 | 20240530110728.0 | ||
| 008 | 150330s2007 ua adk g 000 0 ara d | ||
| 017 |
_a2007/26088 _bمصر . دار الكتب المصرية |
||
| 020 | _a9789776270305 | ||
| 040 | _aEG-CaGPL | ||
| 082 | 0 | 4 |
_221 _a005.3\ _bب أ |
| 100 | 1 | _aبايرنز ، ديفيد | |
| 245 | 1 | 0 |
_aاوتوكاد 2008 فور داميز / _cتاليف ديفيد بايرينز ؛ ترجمة خالد العامرى |
| 250 | _aط.1 | ||
| 260 |
_aالقاهرة : _bدار الفاروق للاستثمارات الثقافية ، _c2007 . |
||
| 300 |
_a536 ص. : _bايض. ؛ _c24 سم. |
||
| 650 | 0 | 4 |
_aالحاسبات الالكترونية _xبرامج |
| 650 | 0 | 4 | _aاوتوكاد 2008 ( برامج حاسبات ) |
| 650 | 0 | 4 | _aنظم المعلومات |
| 942 |
_2ddc _cBK |
||